Periodičeskije fazovyje prevraščenija v židkostjach /
Guardado en:
| Autores principales: | , , |
|---|---|
| Formato: | Libro |
| Publicado: |
Moskva :
Nauka,
1986
|
| Etiquetas: |
Sin Etiquetas, Sea el primero en etiquetar este registro!
|
MARC
| LEADER | 00000nam a22000003a 4500 | ||
|---|---|---|---|
| 001 | stu19409 | ||
| 005 | 20150617225754.0 | ||
| 008 | ------s1986----xxr---------------------d | ||
| 040 | |a STU |b slo | ||
| 041 | 0 | ||
| 044 | |a xxr | ||
| 080 | |a 534.29 | ||
| 100 | 1 | |a Akuličev, Viktor Anatoľjevič |4 aut | |
| 245 | 1 | |a Periodičeskije fazovyje prevraščenija v židkostjach / |c [aut.]Akuličev,Viktor Anatoľjevič, Aleksejev,Vadim Nikolajevič, Bulanov,Vladimir Aleksejevič | |
| 260 | |a Moskva : |b Nauka, |c 1986 | ||
| 300 | |a 279 s : |b Grafy,lit | ||
| 700 | 1 | |a Aleksejev, Vadim Nikolajevič |4 aut | |
| 700 | 1 | |a Bulanov, Vladimir Aleksejevič |4 aut | |
| 996 | |b C77499 |c C*77499 |l CCVIIIB |s P |a 0 |w stu19409_0001 | ||